000 00660nam a22001817a 4500
999 _c62271
_d62271
005 20240911122458.0
008 240911s2023 enk||||| |||| 00| 0 eng d
020 _a9781789907186x
041 _aeng
080 _a005 H-22
245 _aHandbook on Strategic Public Management /
_cEdited by Carsten Greve, Tamyko Ysa.
264 _aCheltenham
_bEdward Elgar,
_c2023.
300 _a312 p.;
_b25 cm.
653 _aსტრატეგიული საჯარო მენეჯმენტი
700 _aGreve, Carsten
_eრედაქტორი
_923197
700 _aYsa, Tamyko
_eრედაქტორი
_923198
942 _2udc
_cᲬᲘᲒᲜᲘ